000 00519nam a2200205Ia 4500
003 OSt
005 20220928144244.0
006 a|||||r|||| 00| 0
007 ta
008 220927b |||||||| |||| 00| 0 eng d
024 _a63859
037 _cTextual
040 _aSDCL
_cSDCL
_beng
041 _2eng
_aeng
082 _aG9X, P1
100 _aKreuzer and Massey
_9507505
245 0 _aRecombinant DNA and Biotechnology.
942 _hG9X, P1
_cTEXL
_2CC
999 _c826883
_d826883